Nové podvojné účtovníctvo neziskových organizácií

Na minha lista:
Detalhes bibliográficos
Autor principal: Lukačovičová, Jaroslava
Formato: Livro
Idioma:eslovaco
Publicado em: Banská Bystrica Slovenská asociácia účtovníkov neziskových organizácií 2014
Assuntos:
Tags: Adicionar Tag
Sem tags, seja o primeiro a adicionar uma tag!

MARC

LEADER 00000nam a2200000 4500
001 0198049
005 20221207093712.7
020 |a 978-80-970291-1-1 
041 0 |a slo 
044 |a SK 
245 1 0 |a Nové podvojné účtovníctvo neziskových organizácií  |c Jaroslava Lukačovičová 
264 1 |a Banská Bystrica  |b Slovenská asociácia účtovníkov neziskových organizácií  |c 2014 
300 |a príl., tab. 
610 2 0 |a účtovníctvo podvojné 
610 2 0 |a organizácie neziskové 
610 2 0 |a zdaňovanie 
610 2 0 |a dane z príjmov 
610 2 0 |a dane z hodnoty pridanej 
610 2 0 |a dane z vozidiel motorových 
610 2 0 |a dane z nehnuteľností 
610 2 0 |a lízing 
100 1 |a Lukačovičová, Jaroslava